Statistiche per Paesi più Vicini alle Hawaii

Clicka qui per fare il quiz!

Statistiche generali

  • Questo quiz è stato fatto 1.649 volte
  • Il punteggio medio è 14 su 20

Statistiche sulle risposte

KmPaeseMiglia% Corretto
4076Canada2532
88%
3829Messico2379
87%
4672Giappone2903
86%
6597Australia (Isola Norfolk)4099
84%
3108Nuova Zelanda (Isole Cook)1931
78%
4481Russia2784
77%
6376Cina3962
75%
4352Stati Federati di Micronesia2705
73%
3427Isole Marshall2129
72%
4542Figi2822
71%
5002Isole Salomone3108
68%
1659Kiribati1031
68%
3984Tuvalu2475
67%
4035Samoa2507
66%
5266Vanuatu3272
66%
4411Tonga2741
65%
3409Francia (Polinesia Francese)2118
64%
4337Nauru2695
64%
5640Papua Nuova Guinea3505
64%
5647Regno Unito (Isole Pitcairn)3509
51%

Distribuzione punteggi

Percentile per numero di risposta

Percentuale di utenti per punteggio

I tuoi punteggi nel tempo

Non hai fatto questo quiz